| 000 | 00668nam a2200205 u 4500 | ||
|---|---|---|---|
| 005 | 20210223131213.0 | ||
| 008 | 100129s2005 es r 000 0 spa d | ||
| 020 | _a8434860805 | ||
| 035 | _aUPN01000174381 | ||
| 049 | _aI | ||
| 050 | 4 |
_aPZ54.9 _bB7.5 2005 |
|
| 100 | 1 |
_aBrezina, Thomas, _d1963- _931149 |
|
| 245 | 1 | 3 |
_aEl monstruoso libro de los monstruos / _cThomas Bresina ; il. de Bernhard Förth ; tr. José Antonio Santiago-Tagle. |
| 250 | _a10a ed. | ||
| 260 |
_aMadrid : _bSM, _c2005. |
||
| 300 |
_a223 p. : _bil. |
||
| 534 |
_pTítulo original: _tDas streng geheime spuk und gruselbuch |
||
| 650 | 4 |
_aCUENTOS INFANTILES AUSTRIACOS _912943 |
|
| 905 | _aLibro | ||
| 999 |
_c146485 _d146485 |
||